000 01218naa a22003497a 4500
001 BR7602399
003 BR-BrBNA
005 20240918173821.0
007 ta
008 230509b bl.||||| |||| 00| 0 por d
040 _aBR-BrBNA
_bpor
_cBiblioteca Nacional de Agricultura
041 _a(Pt)
072 _aP10; P05
_b4630
_bG514
090 _aP10 BR7602399
100 1 _aTorres, C. da C.
100 1 _aAraujo, S.R. de
111 1 _a3. Seminario Nacional de Irrigacao e Drenagem
_cFortaleza, CE (Brazil)
_d16 Nov 1975
245 1 _aUso de destiladores no Nordeste brasileiro [Recurso da agua; Recurso energetico]
260 3 _aFortaleza, CE (Brasil):
_c1976.
500 _aAnais do 3. Seminario Nacional de Irrigacao e Drenagem Fortaleza, CE (Brasil): 1976. p. 165-182 (BR7602399-AM)P10
650 _aRecurso energetico
650 _aDestilador solar
650 _aAgua
650 _aRecurso hidrico
650 _aEnergia solar
650 _aMecanizacao
650 _aRadiacao
650 _aNordeste
773 0 _tAnais do 3. Seminario Nacional de Irrigacao e Drenagem
_b
_wP10 BR7602399
_gFortaleza, CE (Brasil), 1976. p. 165-182
909 _a202404
_bLucia
_c55
_dLucia Elande
942 _cAM
_2AGRIS
999 _c307102
_d307102